01822nam a22003617a 450000500170000000800410001702000180005810000300007624501030010625000530020930000670026249000220032950000290035150000420038052003040042252100450072653400140077165000490078565000490083465000470088365000340093065000420096470000360100670000390104270000340108183001460111526400650126133600270132633700330135333800280138604000350141408400110144920220316235149.0140610b2006 ck a|||g|||| 00| 01sspad  a97895857504941 aCollodi, Carlod1826-189010aPinochocCarloi Collodi ; ilustraciones Jean Marc Rochette ; traducción Pilar Guerrero Jiménez aEdición especial para el Ministerio de Cultura a144 páginasbilustraciones a color y en blanco y negroc21cm aLeer es mi cuento aIncluye índice general aIncluye datos biográficos del autor aEntrad... entrad... en el fabuloso mundo de Pincho, el niño travieso de Gepeto. Conocerás el teatro de comefuegos, la ciudad de engañabobos o la barriga del famoso tiburón ballena. La célebre marioneta nos hará pasar ratos muy divertidos antes de convertirse en... ¡un niño de verdad! aRecomendado para niños de 6 a 8 años tpinocchio142LEMBaCuentos infantiles italianosySiglo XX142LEMBaLiteratura infantil italianaySiglo XX142LEMBaMuñecos de madera en la literatura142LEMBaBondad en la literatura142LEMBaPadres e hijos en la literatura1 aRochette, Jean-Marceilustrador1 aGuerrero Jimenez, Pilaretraductor1 aRodríguez Fischer, Cristina aColección para la Primera Infancia del Ministerio de Cultura, Plan Nacional de Lectura y Escritura Leer es mi cuento, Primera Infancia 2013 aBogotábArt Blume S.L.bFondo de Cultura Económicac2006 atextobtxt2rdacontent asin mediaciónbn2rdamedia avolumenbnc2rdacarrier aCO-BoRNBPbspaerdacCO-BoRNBP aC COL4